000 00685cab a2200205 4500
001 WB3032-24
008 090401t1994 xxu||||| |||| 00| 0 eng d
035 _a(Sirsi) u36709
041 _aeng
245 _aIPD index
260 _c1994
350 _a0
490 _aFinancial Times
_v2 September 1994, 10(1)
520 _aRetail and industrial property rates of return fell in July with total all-property returns declining by 0.2 percentage points to 0.7% for the month according to Investment Property Databank.
650 _aCAPITAL VALUES
650 _aIPD INDEX
690 _aPROPERTY-COMMERCIAL PROPERTY-COMMERCIAL PROPERTY MARKET
942 _n0
948 _c04/03/1997
999 _c23766
_d23766